Statistics for Every Miley Cyrus/Hannah Montana song that hit the Billboard hot 100

Click here to take the quiz!

General Stats

  • This quiz has been taken 49 times
  • The average score is 18 of 45

Answer Stats

Peak Chart PositionYearSong% Correct
12013Wrecking Ball
97%
22013We Can't Stop
90%
42009The Climb
90%
102017Malibu
90%
22009Party In The U.S.A.
90%
212014Adore You
85%
82010Can't Be Tamed
77%
920087 Things
77%
792017Younger Now
69%
922006Best Of Both Worlds
67%
102008See You Again
64%
162010When I Look At You
59%
272007Nobody's Perfect
51%
102009He Could Be The One
51%
11201323
49%
682008Start All Over
44%
182009Hoedown Throwdown
41%
842009Fly On The Wall
38%
912007G.N.O. (Girl's Night Out)
38%
562008Breakout
33%
472006If We Were A Movie
31%
812008Rock Star
31%
562009Butterfly Fly Away
26%
832006Who Said
26%
872013Drive
26%
752010Stay
23%
962014Feelin' Myself
23%
912010Ordinary Girl
23%
812006Pumpin' Up The Party
23%
252007Life's What You Make It
23%
572009Let's Get Crazy
18%
932013Someone Else
18%
672006I Got Nerve
18%
892006This Is The Life
18%
992007True Friend
18%
872009Ice Cream Freeze (Let's Chill)
18%
992006Just Like You
15%
742009I Wanna Know You
15%
812009You'll Always Find Your Way Back Home
13%
922007Make Some Noise
13%
842006The Other Side Of Me
10%
372008Ready, Set, Don't Go
10%
202009Send It On
10%
662010Gonna Get This
10%
582013Fall Down
5%

Score Distribution

Percentile by Number Answered

Percent of People with Each Score

Your Score History

You have not taken this quiz